Plr 1998 : (Record no. 619880)

MARC details
000 -LEADER
fixed length control field 00432nam a2200169 a 4500
008 - FIXED-LENGTH DATA ELEMENTS--GENERAL INFORMATION
fixed length control field 260424s1999##################000#0#eng##
020 ## - INTERNATIONAL STANDARD BOOK NUMBER
ISBN 9780728203068
082 04 - DEWEY DECIMAL CLASSIFICATION NUMBER
Classification number 344.20645DEN.4
100 1# - MAIN ENTRY--AUTHOR NAME
Personal name Denyer-Green, Barry,
245 10 - TITLE STATEMENT
Title Plr 1998 :
260 ## - PUBLICATION, DISTRIBUTION, ETC. (IMPRINT)
Name of publisher Estate Gazette,
Year of publication 1999.
942 ## - ADDED ENTRY ELEMENTS (KOHA)
Koha item type English Books
Holdings
Withdrawn status Lost status Damaged status Not for loan Home library Current library Date acquired Full call number Accession Number Price effective from Koha item type
        Anna Centenary Library Anna Centenary Library 24.04.2026 344.20645DEN.4 292819 24.04.2026 English Books

Find us on the map